00992nam a22001935i 4500001000700000003000900007005001700016008004100033040002000074100002800094245008700122260006300209300002100272500008500293596009600378852018200474999001900656952012300675162086ES-MaACL20230906212426.0020124s1859 sp |||| | spa d aCAM bspa cCAM0 aPicón, José.99187613aEl solteron b: tipo cómico, en un acto y en verso / coriginal de José Picon. aMadrid : b[s.n.], c1859 (fImprenta de José Rodriguez) a33 p. ; c20 cm. aEn port.: Estrenado en el teatro del Principe, la noche del 15 de marzo de 1859. aEn verso de la port. consta: "... la galeria dramática y lírica titulada El Teatro ..." aES-MaACLjF-8632(1) z-- Enc. pasta española q-- Falto de la cub. originalz-- Enc. en un vol. facticio formando parte de la col. facticia "Teatro español moderno", vol. 87 c162086d162086 001040708LIBXIXaATENEOMbATENEOMcSPP2d2008-01-17l0oF-8632(1)p1169795r2023-02-23 00:00:00w2023-02-23yMONANT